Not Allowed - TV Girl (Lyrics) - Statistics

General Stats
  • This quiz has been taken 320 times
  • The average score is 350 of 459
Answer Stats
Answer % Correct
not
99%
you
99%
You
99%
all
98%
All
98%
allowed
97%
but
97%
But
97%
when
97%
When
97%
about
96%
I
96%
talk
96%
sex
95%
wanna
95%
We
95%
we
95%
your
95%
Now
94%
now
94%
we're
94%
were
94%
it
93%
an
90%
how
90%
How
90%
be
89%
he
89%
it's
89%
and
88%
And
88%
suck
88%
turn
88%
to
86%
'Cause
85%
'cause
85%
like
85%
Do
84%
do
84%
may
84%
the
84%
better
83%
learn
83%
mind
83%
So
81%
was
81%
with
81%
With
81%
did
80%
Did
80%
in
80%
Well
79%
Well,
79%
make
78%
by
77%
cum
77%
don't
77%
ever
77%
him
76%
me
76%
should
76%
cry
75%
guess
75%
on
74%
any
73%
lies
73%
You're
72%
fuck
72%
never
72%
that
72%
you're
72%
You're
72%
excuses
71%
for
70%
know
70%
started
70%
this
70%
wish
70%
get
69%
Get
69%
I'm
69%
begin
68%
dance
68%
out
68%
picture
68%
together
68%
took
68%
wires
68%
even
67%
lame
67%
long
67%
rhythm
67%
stare
67%
head
66%
he's
66%
playing
66%
heat
65%
my
65%
wasting
65%
love
64%
got
63%
into
63%
just
63%
nasty
63%
old
63%
Sick
63%
twisted
62%
what's
62%
Who
62%
who
62%
hear
61%
imagination
61%
could
59%
different
59%
poets
59%
sewn
58%
alone
57%
Rubbed
57%
severed
57%
tongue
57%
yeah
57%
count
56%
hope
56%
something
56%
that's
56%
us
56%
friends
55%
gotta
55%
of
55%
still
55%
ground
54%
hit
54%
horny
54%
I've
54%
jackets
54%
little
54%
between
53%
yourself
53%
leather
53%
sittin'
53%
thighs
53%
wrote
53%
yourself
53%
interactive
52%
mouth
52%
sound
52%
around
51%
them
51%
at
50%
careful
50%
down
50%
finger
50%
honest
50%
only
50%
sweat
50%
wait
50%
being
49%
screw
49%
these
49%
can't
48%
forehead
48%
off
48%
write
48%
Licking
47%
sour
47%
they
46%
sonnets
45%
doorstep
44%
face
44%
quickly
44%
Swear
44%
intend
41%
standing
41%
starting
41%
say
40%
suspect
40%
you'd
39%
anything
38%
call
38%
dreamt
34%
Boy
28%
No matching quizzes found
Score Distribution
Percent of People with Each Score
Percentile by Number Answered
Your Score History
You have not taken this quiz